ENTREPRENEURIAL FINANCE (Record no. 14891)

MARC details
000 -LEADER
fixed length control field 00366nam a2200145Ia 4500
008 - FIXED-LENGTH DATA ELEMENTS--GENERAL INFORMATION
fixed length control field 240624s9999 xx 000 0 und d
041 ## - LANGUAGE CODE
Language code of text/sound track or separate title eng
082 ## - DEWEY DECIMAL CLASSIFICATION NUMBER
Classification number 658.1592 ADE
100 ## - MAIN ENTRY--PERSONAL NAME
Personal name ADELMAN PHILIP J
245 ## - TITLE STATEMENT
Title ENTREPRENEURIAL FINANCE
250 ## - EDITION STATEMENT
Edition statement (5th ed.)
260 ## - PUBLICATION, DISTRIBUTION, ETC.
Date of publication, distribution, etc. 2009
Place of publication, distribution, etc. New Jersey
Name of publisher, distributor, etc. Prentice Hall
300 ## - PHYSICAL DESCRIPTION
Extent x, : 446 : p. : cm. ; 25
365 ## - TRADE PRICE
Currency code
Price amount 30
Holdings
Withdrawn status Lost status Damaged status Not for loan Home library Current library Shelving location Date acquired Source of acquisition Cost, normal purchase price Total Holds Full call number Barcode Date last seen Copy number Price effective from Koha item type
        IMTN IMTN Rack 25-B 03/30/2010 BWE 92.20 9118 658.1592 ADE 14891 06/24/2024 48.9 06/24/2024 Books
Designed & Maintained by: LRC IMT Nagpur Contact: lrc@imtnag.ac.in© 2024. All Rights Reserved.